000 00567nam a2200205Ia 4500
001 15041
003 GE_BSU
008 181216s||||||||xx |||||||||||||| ||und||
040 _cGE_BSU
080 _a511.1(09)+512(09)
100 _aВыгодский,М.Я.
245 _aАрифметика и алгебра в среднем мире
250 _a2-е изд.
260 _aМосква
260 _bНаука
260 _c1967
300 _a367стр.21см.
653 _aАрифметика и алгебра в среднем мире
942 _cBK
999 _c48159
_d48159